Yurttaşlığı yeniden düşünmek (Record no. 9756)

MARC details
000 -BAŞLIK
Sabit Uzunlukta Kontrol Alanı 01021na a2200325 4500
001 - KONTROL NUMARASI
Denetim Alanı 14539
003 - KONTROL NUMARASI IDENTIFIER
Denetim Alanı MIRAKIL
005 - SON İŞLEM TARİHİ VE ZAMANI
Denetim Alanı 20181213155256.0
008 - SABİT-BOY VERİ ELEMANLARI - GENEL BİLGİLER
Sabit Uzunlukta Kontrol Alanı 161101b tu 000 0
020 ## - ULUSLARARASI STANDART KİTAP NUMARASI
Uluslararası Standart Kitap Numarası 9786053993414
035 ## - SİSTEM KONTROL NUMARASI
Sistem Kontrol Numarası 14539
040 ## - KATALOGLAMA KAYNAK
Orijinal Kataloglama Ajansı Milas
Kataloglama Dili tur
Metne Dönüştürmek Ajansı TR-AnCHP
041 ## - DİL KODU
Metin / Ses Parça Veya Ayrı Başlığın Dil Kodu tur
082 ## - DEWEY ONLU SINIFLANDIRMA NUMARASI
Sınıflandırma Numarası 323.6
Ürün Numarası Y86 2014
090 ## - SINIFLAMA NUMARASI
Sınıflama Numarası 323.6 Y86 2014
245 ## - BAŞLIK TABLOSU
Başlık Yurttaşlığı yeniden düşünmek
Başlığın Kalan sosyolojik, hukuki ve siyasal tartışmalar
Sorumluluk Tablosu, Vb derleyenler Ayşe Durakbaşa ...[ve öte.]
260 ## - YAYIN, DAĞITIM, VB
Yayın, Dağıtım, Vb Yeri İstanbul
Yayıncı, Dağıtıcı, Vs Adı İstanbul Bilgi Üniversitesi Yayınları
Yayın, Dağıtım, Vb Tarihi 2014
300 ## - FİZİKSEL TANIM
Kapsam 409 s.
Boyutlar 23 sm.
490 ## - SERİSİ TABLOSU
Seri Beyanı Sosyoloji
Hacim / Ardışık Tanımı 18
490 ## - SERİSİ TABLOSU
Seri Beyanı İstanbul Bilgi Üniversitesi yayınları
Hacim / Ardışık Tanımı 471
500 ## - GENEL NOT
Genel Not Dizin var.
650 ## - KONU KATMA GİRİŞ - TOPİKAL DÖNEM
Topikal Süreli Veya Coğrafi Ad Giriş Elemanı Kimlik politikası
650 ## - KONU KATMA GİRİŞ - TOPİKAL DÖNEM
Topikal Süreli Veya Coğrafi Ad Giriş Elemanı İnsan hakları
650 ## - KONU KATMA GİRİŞ - TOPİKAL DÖNEM
Topikal Süreli Veya Coğrafi Ad Giriş Elemanı Dış ilişkiler
Genel Alt Bölümü Avrupa Birliği
Coğrafi Alt Bölümü Türkiye
650 ## - KONU KATMA GİRİŞ - TOPİKAL DÖNEM
Topikal Süreli Veya Coğrafi Ad Giriş Elemanı Yurttaşlık
Genel Alt Bölümü Karşı kültür çalışmaları
650 ## - KONU KATMA GİRİŞ - TOPİKAL DÖNEM
Topikal Süreli Veya Coğrafi Ad Giriş Elemanı Ulusalcılık
650 ## - KONU KATMA GİRİŞ - TOPİKAL DÖNEM
Topikal Süreli Veya Coğrafi Ad Giriş Elemanı Yurttaşlık
700 ## - KATMA GİRİŞ - KİŞİSEL İSİM
Kişisel Ad Durakbaşa, Ayşe
942 ## - EKLENDİ GİRİŞ ELEMANLARI (KOHA)
Sınıflandırma Veya Raf Düzeni Kaynak Dewey Decimal Classification
Koha Öğesi Türü Books
999 ## - SİSTEM KONTROL NUMARALARI (KOHA)
Koha Biblionumber 9756
Koha Biblioitemnumber 9756
Holdings
Kalıcı Konum Mevcut Konum Edinme Tarihi Edinim Kaynak Toplam Check-Out'Lar Tam Çağrı Numarası Barkod Tarih Son Görülme İtibaren Geçerli Fiyatlar Koha Öğesi Türü
CHP Kütüphanesi CHP Kütüphanesi 08/29/2016 Bağış   323.6 Y86 2014 002704 08/29/2016 08/29/2016 Books